BASIC CONCEPT OF DRAVYAGUNA VIJNANA (Record no. 16604)

MARC details
000 -LEADER
fixed length control field 00341nam a22001457a 4500
003 - CONTROL NUMBER IDENTIFIER
control field SGT
020 ## - INTERNATIONAL STANDARD BOOK NUMBER
International Standard Book Number 978-93-81301-34-0
082 ## - DEWEY DECIMAL CLASSIFICATION NUMBER
Classification number 615.53
Item number B14D
100 ## - MAIN ENTRY--PERSONAL NAME
Personal name DUBEY,SATYA DEO
245 ## - TITLE STATEMENT
Title BASIC CONCEPT OF DRAVYAGUNA VIJNANA
260 ## - PUBLICATION, DISTRIBUTION, ETC. (IMPRINT)
Place of publication, distribution, etc VARANASI
Name of publisher, distributor, etc CHAUKHAMBA PUB
Year of Publication 2014
300 ## - PAGE DESCRIPTION
No. of Pages 518
650 ## - SUBJECT ADDED ENTRY--TOPICAL TERM
Topical term or geographic name as entry element AYURVEDA PUB
942 ## - ADDED ENTRY ELEMENTS (KOHA)
Source of classification or shelving scheme Dewey Decimal Classification
Koha item type Books
942 ## - ADDED ENTRY ELEMENTS (KOHA)
-- 4
Holdings
Withdrawn status Lost status Source of classification or shelving scheme Damaged status Not for loan Collection code Home library Current library Shelving location Date acquired Vendor Name Cost, normal purchase price SGTU Bill Number Total Checkouts Full call number Accession No. (Barcode) Date last seen Date last borrowed Bill Date Koha item type Use restrictions
    Dewey Decimal Classification     AYURVEDA SGT FA-FP Library SGT FA-FP Library Text Book 22/01/2019 CHAUKHAMBA PUB 775.00 SGTU 1338 6 615.53 B14D FA8777 04/10/2024 25/09/2024 16/01/2019 Books  
    Dewey Decimal Classification     AYURVEDA SGT FA-FP Library SGT FA-FP Library Reference Book 22/01/2019 CHAUKHAMBA PUB 775.00 SGTU 1338   615.53 B14D FA8778 22/01/2019   16/01/2019 Books Restricted Access